Giáo trình quản lý xã hội /

Tổng quan về xã hội và quản lý xã hội, chủ thể quản lý xã hội, các thiết chế cơ bản và các vấn đề nhà nước cần quan tâm trong quản lý xã hội, biến đổi xã hội, các nguyên tắc, phương pháp và hình thức quản lý xã hội của nhà nước......

Ausführliche Beschreibung

Gespeichert in:
Bibliographische Detailangaben
1. Verfasser: Đỗ Hoàng Toàn, GS.TS.
Weitere Verfasser: Phan Kim Chiến, TS.
Format: Buch
Sprache:Vietnamese
Veröffentlicht: Hà Nội : Khoa học và kỹ thuật, 2000.
Schlagworte:
Tags: Tag hinzufügen
Keine Tags, Fügen Sie den ersten Tag hinzu!
Thư viện lưu trữ: Mạng thư viện Đại học Đà Nẵng
LEADER 01248cam a2200349 i 4500
001 000043150
003 1025
005 20041028162615.0
008 010217b2000 vm 000 vie
020 |c 24000 
040 |a IRC  |c IRC  |d IRC 
041 0 |a vie 
082 1 4 |a 658.4  |b ĐÔ-T 
100 1 |a Đỗ Hoàng Toàn,  |c GS.TS. 
245 1 0 |a Giáo trình quản lý xã hội /  |c Đỗ Hoàng Toàn, Phan Kim Chiến. 
260 |a Hà Nội :  |b Khoa học và kỹ thuật,  |c 2000. 
300 |a 336 tr. ;  |c 20,5 cm. 
520 3 |a Tổng quan về xã hội và quản lý xã hội, chủ thể quản lý xã hội, các thiết chế cơ bản và các vấn đề nhà nước cần quan tâm trong quản lý xã hội, biến đổi xã hội, các nguyên tắc, phương pháp và hình thức quản lý xã hội của nhà nước... 
630 0 4 |a Quản trị chiến lược. 
630 0 4 |a Xã hội. 
650 0 4 |a Quản lý xã hội  |x Giáo trình. 
700 1 |a Phan Kim Chiến,  |c TS. 
OWN |a DUT 
999 |a From the UDN01 
TYP |a Monograph 
TYP |a Printed language 
980 |a Mạng thư viện Đại học Đà Nẵng